000
00322nam a2200133Ia 4500
008
190216s9999||||xx |||||||||||||| ||und||
100
_a
Mohammed K A & Aravindakshan Ks
245
0
_a
Indian Economics
250
_a
1st Ed.
260
_b
Paico Pub.House Ekm
_c
1969
300
_a
185
650
_a
Economics
942
_c
BK
999
_c
9683
_d
9683